ბათუმის შოთა რუსთაველის სახელმწიფო უნივერსიტეტის ბიბლიოთეკა

სსრ კავშირის ფულის მიმოქცევა და კრედიტი : (ბიბ.ჩანაწერი № 38313)

000 -ლიდერი
ფიქსირებული სიგრძის საკონტროლო ველი 01077nam a2200229Ia 4500
001 - საკონტროლო ნომერი
საკონტროლო ველი 4323
003 - საკონტროლო ნომრის იდენტიფიკატორი
საკონტროლო ველი GE_BSU
005 - ბოლო ოპერაციის თარიღი და დრო
საკონტროლო ველი 20191004104352.0
008 - ფიქსირებული სიგრძის მონაცემთა ელემენტები - ზოგადი ინფორმაცია
ფიქსირებული სიგრძის საკონტროლო ველი 181216s1965||||ge |||||||||||||| ||geo||
040 ## - კატალოგიზაციის წყარო
Transcribing agency GE_BSU
041 ## - ენის კოდი
Language code of text/sound track or separate title geo
080 ## - უნივერსალური ათობითი კლასიფიკაციის ინდექსი
Universal Decimal Classification number 336.7(075.8) ქ–62
100 ## - მთავარი ჩანაწერი - პიროვნების სახელი
Personal name ქოიავა, ნ.
9 (RLIN) 4490
245 ## - ცნობა სათაურის შესახებ
Title სსრ კავშირის ფულის მიმოქცევა და კრედიტი :
Remainder of title დამხმ. სახელმძღვ. უნ-ტის ეკონ. ფაკ-ტის სტუდენტებისათვის /
Statement of responsibility, etc რედ. ი. ხუციშვილი.
264 ## - წარმოების, გამოცემის, დისტრიბუციის და სხვა ცნობები
გამოცემის, წარმოების, დისტრიბუციის... ადგილი თბილისი :
გამოცემის, წარმოების, დისტრიბუციის... სახელწოდება განათლება,
გამოცემის, წარმოების, დისტრიბუციის... თარიღი 1965.
300 ## - ფიზიკური აღწერა
Extent 206 გვ.;
Other physical details 22 სმ.
653 ## - INDEX TERM--UNCONTROLLED
Uncontrolled term ფულის მიმოქცევა სსრ კავშირში
653 ## - INDEX TERM--UNCONTROLLED
Uncontrolled term სახელმძღვანელო
653 ## - INDEX TERM--UNCONTROLLED
Uncontrolled term კრედიტი სსრ კავშირში
700 ## - ADDED ENTRY--PERSONAL NAME
Personal name ხუციშვილი, ი.
Relator term რედაქტორი
9 (RLIN) 4472
942 ## - ADDED ENTRY ELEMENTS (KOHA)
Koha item type წიგნი
Source of classification or shelving scheme
ეგზემპლარები
ჩამოწერის სტატუსი დაკარგული ეგზემპლარის სტატუსი კლასიფიკაციის წყარო ან თაროზე გაწყობის სქემა დაზიანების სტატუსი არ გაიცემა მუდმივი მდებარეობა (დაცვის ადგილი) ამჟამინდელი ადგილსამყოფელი თაროზე განთავსების ადგილი შეძენის თარიღი ღირებულება, შესყიდვის ნორმალური ფასი სრული შენახვის შიფრი შტრიხკოდი ბოლო ოპერაციის თარიღი ეგზემპლარის მიმდევრობითი ნომერი (კეტერი?) ფასის ძალაში შესვლის თარიღი ეგზემპლარის სახეობა საჯარო შენიშვნა
          ბათუმის შოთა რუსთაველის სახელმწიფო უნივერსიტეტის მთავარი ბიბლიოთეკა ბათუმის შოთა რუსთაველის სახელმწიფო უნივერსიტეტის მთავარი ბიბლიოთეკა წიგნსაცავი 2018-12-17 2.00 336.7(075.8) ქ–62 5877 2018-12-17 5877 2018-12-17 წიგნი 2 ლ.